Uw gehoor is uitstekend! Wat zegt u dokter? (Record no. 113821)
[ view plain ]
| 000 -LEADER | |
|---|---|
| fixed length control field | 01365nam a2200313Ia 4500 |
| 245 00 - TITLE STATEMENT | |
| Title | Uw gehoor is uitstekend! Wat zegt u dokter? |
| 260 ## - PUBLICATION, DISTRIBUTION, ETC. (IMPRINT) | |
| Place of publication | Hague, Netherlands : |
| Name of publisher | Kugler ; |
| Place of publication | Gilsum, NH : |
| Name of publisher | Pathway Book Service[distributor for US and Canada], |
| Year of publication | 2003. |
| 300 ## - PHYSICAL DESCRIPTION | |
| Number of Pages | xvi, 187 p. col. plates : |
| Other physical details | ill. |
| 650 #0 - SUBJECT ADDED ENTRY--TOPICAL TERM | |
| Topical Term | Otolaryngology |
| Topical Term | Patient satisfaction. |
| 700 1# - ADDED ENTRY--PERSONAL NAME | |
| Personal name | Glazenburg, B. E. |
| Personal name | Vos, M. S. |
| 856 40 - ELECTRONIC LOCATION AND ACCESS | |
| Uniform Resource Identifier | http://site.ebrary.com/lib/rucke/Doc?id=10505630 |
No items available.
